000 00483pab a2200157 454500
008 180718b2005 xxu||||| |||| 00| 0 eng d
100 _aBruttel, Oliver
245 _aDelivering active labour market policy through vouchers: experiences with training vouchers in Germany
260 _c2005
300 _ap.391-404.
362 _aSep.
650 _aLabour market - Germany
650 _aLabour market
773 _aInternational Review of Administrative Sciences
909 _a67299
999 _c67299
_d67299